Do pícaro na literatura portuguesa (Registo nº 201610)

Detalhes MARC
000 -Etiqueta do registo
Valores 00613nam 22001933 4500
100 ## - Dados gerais de processamento
Dados gerais 20260401d u||y0pory50 ba
200 ## - Titulo e menção de responsabilidade
Título próprio Do pícaro na literatura portuguesa
Primeira menção de responsabilidade João Palma-Ferreira
205 ## - Menção da edição
Edição
210 ## - Publicação
Local de publicação Lisboa
Nome do editor Instituto de Cultura e Língua Portuguesa
Data de publicação 1981
215 ## - Descrição física 
Paginação / Volumes 152, [4] p.
Outras indicações físicas brochado
Dimensões 20 cm
225 ## - Colecção 
Título próprio da colecção Biblioteca breve. Série literatura
Número de parte ou secção 59
606 ## - Nome comum usado como assunto
ID Autoridade 3661
Palavra de ordem Crítica Literária.Estudos Literários
675 ## - CDU
Notação 82.09
Edição PT
Língua por
700 ## - Autor principal (pessoa individual)
ID Autoridade 17029
Apelido Ferreira
Nome João Palma
Datas 1931-1989
801 ## - Fonte de origem
País PT
Agência BMMN
Regras de catalogação RPC
830 ## - Notas gerais do catalogador
Criado por Vanda
990 ## - Elementos KOHA
Tipo de documento Livro
Exemplares
Situação do levantamento Biblioteca de origem Código de barras Cota Permissão de empréstimo Tipo de documento Forma de aquisição
  Biblioteca Municipal de Montemor-o-Novo 30958 82.09 FER|DEP   Livro Compra

Powered by Koha